000 01009nam a2200265 a 4500
001 52877
003 BD-RjUL
005 20211209075856.0
008 160928s1985 bg a|||| b||| 000 0 ben d
020 _c: Tk. 40.00
035 _a(BD-RjUL)52997
040 _aBD-RjUL
_bben
_cBD-RjUL
_dBD-RjUL
041 _aben
082 _223
_a595.7
_bRAO 1985
100 1 0 _aরহমান, রেজাউর
_9125887
245 1 0 _aঅর্থনৈতিক কীটতত্ত্ব /
_cরেজাউর রহমান মোশাররফ হোসেন
260 _aঢাকা :
_bবাংলা একাডেমী,
_c১৯৮৫ [১৩৯১]
300 _a[৭] ২০৮ পৃ. :
_bচিত্র. ;
_c২০ সেমি.
504 _aগ্রন্থপঞ্জি সংযুক্ত
650 _aকীটপতঙ্গ
_9157812
650 _ainsects
_9158098
650 _aInsect pests
_9158099
700 _aহোসেন, মোশাররফ
_9158100
942 _2ddc
_cBK
999 _c52877
_d52877